000 00883nam a2200253 i 4500
001 000016065
003 DO-SdBNP
005 20230504100716.0
007 ta
008 091125s2009 dr r 000 0 spa d
040 _aDO-SdBNP
_bspa
_cBNPHU
_erda
082 _bR426L
_222
110 1 _aRepública Dominicana. Leyes etc.
_9447
240 1 0 _a[Leyes, etc.]
245 1 0 _aLey No. 491-08 que modifica los arts. 5,12 y 20 de la ley no. 3726 del 29 de diciembre de 1953 sobre procedimiento de casación y No. 492-08 que modifica la ley no. 241 del 28 de septiembre de 1967 sobre vehículo de motor
264 _aSanto Domingo :
_bCentenario,
_c2009.
300 _a16 paginas ;
_c22 cm.
336 _2rdacontent
_atexto
_btxt
337 _2rdamedia
_asin mediación
_bn
338 _2rdacarrier
_avolumen
_bnc
590 _aInventariado, 2023 / DG
910 _aDG
942 _2ddc
_cLF2
999 _c53416
_d53416